| 000 | 00518nam a2200205Ia 4500 | ||
|---|---|---|---|
| 003 | GCL | ||
| 008 | 140319s9999 xx 000 0 aRus d | ||
| 040 |
_aGCL / _cGCL |
||
| 082 | 0 | 4 |
_a862 _bD F |
| 100 | 1 | _aDE VEGA, LOPE | |
| 245 | 1 | 0 |
_aFUENTE OVEJUNA: DOS COMEDIAS / _cDE VEGA, LOPE |
| 700 | 1 | _aDE MONROY, GRISTOBAL | |
| 260 |
_a[S.N] : _bCLASICO CASTALIA ، _c1991 |
||
| 300 | _a359 | ||
| 650 | 0 | 4 | _aLITERATURE |
| 650 | 0 | 4 | _aFICTION |
| 650 | 0 | 4 | _aSPANISH DRAMA |
| 650 | 0 | 4 | _aSPANISH FICTION |
| 942 |
_2ddc _cBK |
||
| 999 |
_c12804 _d12804 |
||